000 00745cab a2200265 4500
001 X211
008 090401t1992 xxu||||| |||| 00| 0 eng d
035 _a(Sirsi) u64420
041 _aeng
245 _aLivestock auctioneering firm crashes
260 _c1992
350 _a0
490 _aCS Monthly : Rural Practice
_v2(2) October 1992, 1(1)
650 _aInsolvency
_96247
650 _aInsurance
_96249
650 _aKING THOMAS LLOYD JONES
650 _aLIVESTOCK AUCTIONEERS
650 _aPROPERTY-RURAL AND NATURAL ASSETS-AGRICULTURAL PROPERTY-LIVESTOCK
650 _aPROFESSIONAL INDEMNITY INSURANCE
650 _aWALES
690 _aAuctioneering
_96218
690 _aRURAL PRACTICE
942 _n0
948 _c04/03/1997
999 _c40122
_d40122